Statistics for 2016 Oscar Nominees

Click here to take the quiz!

General Stats

  • This quiz has been taken 48 times
  • The average score is 14 of 37

Answer Stats

NMovieW% Correct
6Spotlight2
83%
12The Revenant3
74%
10Mad Max: Fury Road6
69%
4Room1
63%
6Bridge of Spies1
60%
3Brooklyn0
60%
5Star Wars: The
Force Awakens
0
60%
2Inside Out1
57%
5The Big Short1
57%
4The Danish Girl1
57%
6Carol0
54%
7The Martian0
54%
2Ex Machina1
51%
2Steve Jobs0
51%
3The Hateful Eight1
49%
1Creed0
43%
1Spectre1
40%
1Trumbo0
40%
145 Years0
37%
1Joy0
37%
3Sicario0
37%
1Theeb0
34%
1Son of Saul1
29%
1Shaun the
Sheep Movie
0
26%
1Anomalisa0
23%
1When Marnie
Was There
0
23%
1Boy and the World0
20%
1Cinderella0
20%
1Mustang0
20%
1Straight Outta Compton0
20%
1A War0
17%
1Fifty Shades of Grey0
17%
1The 100-Year Old Man
Who Climbed Out of the
Window and Disappeared
0
17%
1Youth0
14%
1Embrace of the Serpent0
11%
1Racing Extinction0
11%
1The Hunting Ground0
11%

Score Distribution

Percentile by Number Answered

Percent of People with Each Score

Your Score History

You have not taken this quiz